Géographie de l'Europe par lettre - D - Statistiques

Statistiques générales
  • Ce quiz a été pris 441 fois
    346 depuis la dernière actualisation
  • Le résultat moyen est 9 sur 20
Statistiques - réponses
Indice Réponse % Correct
Capitale irlandaise Dublin
100%
Pays scandinave Danemark
98%
Il est beau, il est bleu, c'est le plus long fleuve de l'UE Danube
98%
Ville importante de la Ruhr, au club de football jaune et noir Dortmund
73%
Ville de la côte normande, où se tient un festival de cinéma Deauville
66%
Région historique de la côte croate et race de chiens Dalmatie
62%
Type de construction permettant de retenir l'eau, présent largement au Pays-Bas Digues
54%
Cité médiévale touristique de la dite côte Dubrovnik
50%
Capitale de la Saxe, ravagée par des bombardements en 1945 Dresde
49%
Massif montagneux italien Dolomites
47%
Fleuve ukrainien qui coule à Kiev Dniepr
40%
Ville suisse hôte du forum économique mondial Davos
39%
Détroit marquant la frontière avec l'Asie Dardanelles
36%
Région de l'est de l'Ukraine, zone de guerre depuis 2014 Donbass
36%
Région antique des balkans, qui donne son nom à une marque automobile roumaine Dacie
27%
Fleuve du sud-ouest de la Russie Don
17%
Parc naturel régional franc-comtois Doubs horloger
14%
Chaîne de montagne balkanique Alpes {dinariques}
9%
Plus grand lac artificiel de France métropolitaine Der-Chantecoq
7%
Parc national britannique et race de cheval Dartmoor
1%
Aucun quiz correspondant
Distribution des résultats
% des personnes avec chaque résultat
Percentile par nombre de réponses
Votre historique - résultats
Vous n’avez pas pris ce quiz depuis la dernière actualisation